01008cam a2200265 a 450000100100000000500170001000800410002702000150006804000180008308200150010110000370011624500990015326000350025230000210028749000120030849000320032050400420035265000430039465000470043770000400048483000510052491000340057595201180060999900150072700000728220200929154123.0950327s1993 sp b 001 0dspa  a8423973085 aDO-SdBNPcDLC a920bA773g1 aArrabal, Fernando,d1932-92021410aGenios y Figuras :bmis idolatrados genios /cFernando Arrabal ; prólogo, Ángel Berenguer. aMadrid :bEspasa Calpe,c1993. a219 p. ;c18 cm.1 aAustral1 aLiteratura/contemporáneos aIncluye referencias bibliográficas. 4aAutoresySIGLO XXxBiografías920215 4aPersonas superdotadasxBiografías9202161 aBerenguer, Ángel,epról.915544 0aAustral ;pLiteratura/contemporáneos.920217 aCatalogación por copia / LC 001052708MOaGRbGRcCTd2009-09-07iLF1l0o920 A773gp7282-10r2020-06-25w2020-06-25y2ZPréstamo interno c7063d7063